[Event "Santo Domingo Duarte Memorial 8th"]
[Site "Santo Domingo"]
[Date "2019.01.26"]
[Round "6"]
[White "Shaffer, Alexander"]
[Black "Benitez Pacheco, Alejandro"]
[Result "1/2-1/2"]
[WhiteElo "1840"]
[BlackElo "2141"]
[PlyCount "37"]
[EventDate "2019.01.18"]
[EventType "swiss"]
[EventRounds "8"]
[EventCountry "DOM"]
[SourceTitle "CBM 188 Extra"]
[Source "ChessBase"]
[SourceDate "2019.02.26"]
[SourceVersion "1"]
[SourceVersionDate "2019.02.26"]
[SourceQuality "1"]

1. d4 d5 2. Nf3 Nf6 3. c4 e6 4. Nc3 c6 5. e3 Nbd7 6. Bd3 Bb4 7. 0-0 0-0 8. Bd2 Bd6 9. Qc2 e5 10. cxd5 cxd5 11. dxe5 Nxe5 12. Nxe5 Bxe5 13. Rad1 Be6 14. Ne2 Rc8 15. Qb1 h6 16. Nd4 a6 17. Nf3 Bb8 18. Bc3 Qe7 19. a3 1/2-1/2

[Event "Santo Domingo Duarte Memorial 8th"]
[Site "Santo Domingo"]
[Date "2019.01.20"]
[Round "4"]
[White "Perez Feliz, Jose Enrique"]
[Black "Benitez Pacheco, Alejandro"]
[Result "1-0"]
[WhiteElo "1922"]
[BlackElo "2141"]
[PlyCount "93"]
[EventDate "2019.01.18"]
[EventType "swiss"]
[EventRounds "8"]
[EventCountry "DOM"]
[SourceTitle "CBM 188 Extra"]
[Source "ChessBase"]
[SourceDate "2019.02.26"]
[SourceVersion "1"]
[SourceVersionDate "2019.02.26"]
[SourceQuality "1"]

1. e4 d5 2. exd5 Nf6 3. Bc4 Nxd5 4. h3 Nb6 5. Bb3 c5 6. Qh5 e6 7. d3 Nc6 8. Nf3 g6 9. Qg4 h5 10. Qe4 Na5 11. 0-0 Nxb3 12. axb3 Bg7 13. Nc3 0-0 14. Bf4 Nd5 15. Be5 Bh6 16. Rfd1 Nxc3 17. Bxc3 Qd5 18. Qe2 b5 19. d4 c4 20. bxc4 bxc4 21. Ra5 Qc6 22. Ne5 Qc7 23. Nxc4 Bb7 24. Ne5 Rfc8 25. Rda1 a6 26. Rc5 Qd8 27. Raa5 Bg7 28. Qe3 Bd5 29. Rxc8 Qxc8 30. Qf4 Qb7 31. f3 Qe7 32. Rc5 g5 33. Qe3 f5 34. Ba5 f4 35. Qe2 Rb8 36. Rc7 Qe8 37. Qd3 Rxb2 38. Rf7 Rb1+ 39. Kh2 Rb7 40. Bc7 g4 41. hxg4 Rxc7 42. Rxc7 hxg4 43. Rf7 g3+ 44. Kh3 Qxf7 45. Nxf7 Kxf7 46. c4 Bb7 47. Kg4 1-0

[Event "Santo Domingo Cerrado op 2nd"]
[Site "Santo Domingo"]
[Date "2016.05.21"]
[Round "2"]
[White "Puntier Andujar, Fausto Jiovanny"]
[Black "Benitez Pacheco, Alejandro"]
[Result "0-1"]
[WhiteElo "2094"]
[BlackElo "2168"]
[PlyCount "56"]
[EventDate "2016.05.20"]
[EventType "swiss"]
[EventRounds "6"]
[EventCountry "DOM"]
[SourceTitle "CBM 172 Extra"]
[Source "ChessBase"]
[SourceDate "2016.06.21"]
[SourceVersion "1"]
[SourceVersionDate "2016.06.21"]
[SourceQuality "1"]

1. d4 Nf6 2. c4 e6 3. Nf3 d5 4. g3 c5 5. cxd5 exd5 6. Bg2 c4 7. 0-0 Bd6 8. Nc3 0-0 9. Bg5 Be7 10. Ne5 Be6 11. Rc1 Nc6 12. Nxc6 bxc6 13. Bf4 Nh5 14. Be3 Rb8 15. Qd2 Bb4 16. Qc2 Qd7 17. Rfd1 Bh3 18. Bf3 Bg4 19. Bxg4 Qxg4 20. Na4 f5 21. Kg2 f4 22. f3 Qg5 23. Bf2 fxg3 24. hxg3 Nxg3 25. Bxg3 Bd6 26. f4 Rxf4 27. Rh1 h5 28. Rh3 Rg4 0-1

[Event "Santo Domingo Cerrado op 2nd"]
[Site "Santo Domingo"]
[Date "2016.05.20"]
[Round "1"]
[White "Benitez Pacheco, Alejandro"]
[Black "Martinez Castillo, Julio Antonio"]
[Result "0-1"]
[WhiteElo "2168"]
[BlackElo "2113"]
[PlyCount "160"]
[EventDate "2016.05.20"]
[EventType "swiss"]
[EventRounds "6"]
[EventCountry "DOM"]
[SourceTitle "CBM 172 Extra"]
[Source "ChessBase"]
[SourceDate "2016.06.21"]
[SourceVersion "1"]
[SourceVersionDate "2016.06.21"]
[SourceQuality "1"]

1. d4 Nf6 2. Nf3 c5 3. e3 e6 4. Bd3 Be7 5. 0-0 0-0 6. e4 cxd4 7. e5 Ne8 8. Nxd4 Nc6 9. Nxc6 bxc6 10. Nc3 f6 11. Qh5 f5 12. Bf4 g6 13. Qf3 Rb8 14. Rab1 Qc7 15. Rfd1 d6 16. exd6 Bxd6 17. Bxd6 Nxd6 18. Re1 Re8 19. Qg3 Nb5 20. Qxc7 Nxc7 21. Bc4 Ba6 22. Bb3 Rbd8 23. Na4 Kf7 24. Nc5 Kf6 25. f4 Rd4 26. g3 Rd6 27. Re5 Bc8 28. Rbe1 Red8 29. a4 h6 30. Nd3 Ba6 31. Nb4 Bb7 32. Ra5 a6 33. Rae5 g5 34. Nd3 Bc8 35. Rc5 Bb7 36. Kf2 Rd4 37. Ree5 Nd5 38. Bxd5 exd5 39. b3 gxf4 40. Re1 fxg3+ 41. hxg3 Re4 42. Rh1 Rh8 43. Rc3 Re7 44. Nc5 Bc8 45. Rh4 Kg5 46. Nd3 Bb7 47. a5 Rc7 48. Nc5 Bc8 49. Re3 Kf6 50. Rb4 h5 51. Rh4 Rg7 52. Rc3 Ke5 53. Nd3+ Kd6 54. Nf4 Rg4 55. b4 Rxh4 56. gxh4 Rg8 57. Rg3 Rg4 58. Rxg4 hxg4 59. h5 Ke5 60. h6 Kf6 61. c3 Kf7 62. Ke3 Kg8 63. Kd4 Kh7 64. Kc5 Kxh6 65. Kxc6 Kg5 66. Nxd5 g3 67. Nb6 g2 68. Nxc8 g1Q 69. c4 Qe1 70. b5 axb5 71. cxb5 Qxa5 72. b6 Qa4+ 73. Kc7 Qc4+ 74. Kd7 Qb5+ 75. Kc7 Qc5+ 76. Kd7 Qb4 77. Kc7 Qa5 78. Na7 Qe5+ 79. Kc6 Qb8 80. Nb5 f4 0-1

[Event "Santo Domingo Regional-ch"]
[Site "Santo Domingo"]
[Date "2016.03.19"]
[Round "6"]
[White "Benitez Pacheco, Alejandro"]
[Black "Jimenez Matos, Jimmy"]
[Result "1-0"]
[WhiteElo "2185"]
[BlackElo "1960"]
[PlyCount "55"]
[EventDate "2016.03.11"]
[EventType "swiss"]
[EventRounds "7"]
[EventCountry "DOM"]
[SourceTitle "EXT 2017"]
[Source "ChessBase"]
[SourceDate "2016.10.25"]
[SourceVersion "1"]
[SourceVersionDate "2016.10.25"]
[SourceQuality "1"]

1. d4 Nf6 2. Nc3 d5 3. Nf3 e6 4. Bg5 Be7 5. e3 Nbd7 6. Bd3 0-0 7. Ne5 c5 8. 0-0 Nxe5 9. dxe5 Nd7 10. Bxe7 Qxe7 11. f4 g6 12. e4 d4 13. Ne2 b6 14. Ng3 Bb7 15. Qg4 Rac8 16. b3 c4 17. bxc4 Nc5 18. f5 exf5 19. exf5 Qxe5 20. Rae1 Qg7 21. f6 Qh6 22. Nf5 Qh5 23. Qxh5 gxh5 24. Ne7+ Kh8 25. Nxc8 Rxc8 26. Re7 Rg8 27. Rf2 Nxd3 28. cxd3 1-0

[Event "Santo Domingo Regional-ch"]
[Site "Santo Domingo"]
[Date "2016.03.13"]
[Round "4"]
[White "Benitez Pacheco, Alejandro"]
[Black "Marquez Moya, Eddy"]
[Result "1-0"]
[WhiteElo "2185"]
[BlackElo "2028"]
[PlyCount "69"]
[EventDate "2016.03.11"]
[EventType "swiss"]
[EventRounds "7"]
[EventCountry "DOM"]
[SourceTitle "EXT 2017"]
[Source "ChessBase"]
[SourceDate "2016.10.25"]
[SourceVersion "1"]
[SourceVersionDate "2016.10.25"]
[SourceQuality "1"]

1. e4 c5 2. Nf3 e6 3. Nc3 a6 4. d4 cxd4 5. Nxd4 Qc7 6. Bd3 Nc6 7. Nxc6 dxc6 8. 0-0 Bc5 9. Kh1 Nf6 10. f4 Bd7 11. e5 Nd5 12. Ne4 Be7 13. a3 c5 14. c4 Nb6 15. Be3 Bc6 16. Qc2 Nd7 17. Rad1 h6 18. Be2 Bxe4 19. Qxe4 0-0-0 20. Bf3 g5 21. Rb1 gxf4 22. Bxf4 Nb8 23. Be3 Nc6 24. b4 cxb4 25. c5 Qxe5 26. axb4 f5 27. Qc4 Bg5 28. Bg1 Rd4 29. Bxd4 Nxd4 30. c6 b5 31. Qa2 Kd8 32. Qxa6 Ke7 33. Qb7+ Kf6 34. c7 Bf4 35. c8Q 1-0

[Event "Santo Domingo Summer op"]
[Site "Santo Domingo"]
[Date "2015.07.24"]
[Round "5"]
[White "Benitez Pacheco, Alejandro"]
[Black "Del Rosario Moreno, Carlos"]
[Result "1-0"]
[WhiteElo "2124"]
[BlackElo "2046"]
[PlyCount "77"]
[EventDate "2015.07.17"]
[EventType "swiss"]
[EventRounds "8"]
[EventCountry "DOM"]
[SourceTitle "EXT 2016"]
[Source "ChessBase"]
[SourceDate "2015.10.08"]
[SourceVersion "1"]
[SourceVersionDate "2015.10.08"]
[SourceQuality "1"]

1. d4 d5 2. Nf3 e6 3. Bg5 Nf6 4. e3 c5 5. c3 Qb6 6. Qc2 Ne4 7. Bf4 Be7 8. Be2 Bd7 9. a4 Nc6 10. Nbd2 Nxd2 11. Nxd2 Rc8 12. Qb1 0-0 13. 0-0 Rfe8 14. Bd3 g6 15. dxc5 Bxc5 16. a5 Qd8 17. e4 e5 18. Bg3 dxe4 19. Nxe4 Be7 20. f4 exf4 21. Bxf4 Nxa5 22. Nf2 Qb6 23. b4 Nc4 24. Kh1 Ne3 25. Bxe3 Qxe3 26. c4 Bd6 27. Ne4 Rxe4 28. Bxe4 Qh6 29. g3 Bxg3 30. Ra2 Rxc4 31. Bd5 Bc6 32. Bxc6 Rxc6 33. Qe4 Rc7 34. Qd3 Be5 35. Re2 Re7 36. Qd5 Qh5 37. Qd8+ Kg7 38. Qxe7 Qxe2 39. Rxf7+ 1-0

[Event "Santo Domingo Summer op"]
[Site "Santo Domingo"]
[Date "2015.07.18"]
[Round "3"]
[White "Sepulveda Herrera, Job Rodrigo"]
[Black "Benitez Pacheco, Alejandro"]
[Result "0-1"]
[WhiteElo "2243"]
[BlackElo "2124"]
[PlyCount "90"]
[EventDate "2015.07.17"]
[EventType "swiss"]
[EventRounds "8"]
[EventCountry "DOM"]
[SourceTitle "EXT 2016"]
[Source "ChessBase"]
[SourceDate "2015.10.08"]
[SourceVersion "1"]
[SourceVersionDate "2015.10.08"]
[SourceQuality "1"]

1. d4 Nf6 2. Nf3 d5 3. Bf4 c6 4. e3 Qb6 5. Nbd2 Qxb2 6. Bd3 Qc3 7. 0-0 e6 8. Rb1 Be7 9. Rb3 Qa5 10. c4 0-0 11. Qc2 Nbd7 12. Ne5 h6 13. Rfb1 Qd8 14. h3 Nxe5 15. dxe5 Nd7 16. cxd5 exd5 17. Rc3 Nb6 18. Bg3 Be6 19. Nf3 c5 20. Bh7+ Kh8 21. Bf5 Qd7 22. Bxe6 Qxe6 23. a4 Rab8 24. a5 Nd7 25. Qa2 Rfd8 26. Rd3 Nf8 27. Rbd1 b5 28. axb6 axb6 29. Rxd5 b5 30. e4 b4 31. Nd2 Ra8 32. Qc4 Rdc8 33. f4 Ra3 34. f5 Qa6 35. Qxa6 Rxa6 36. Nc4 Ra2 37. R1d2 Rca8 38. Bf2 Rxd2 39. Nxd2 Ra2 40. f6 gxf6 41. exf6 Bxf6 42. Bxc5 Bc3 43. Be3 Kh7 44. Kf1 Ng6 45. Ke2 Ne5 0-1

[Event "Santo Domingo op U2100"]
[Site "Santo Domingo"]
[Date "2015.02.07"]
[Round "3"]
[White "Benitez Pacheco, Alejandro"]
[Black "Cedeno de la Rosa, Adolfo"]
[Result "1/2-1/2"]
[WhiteElo "2092"]
[BlackElo "2029"]
[PlyCount "82"]
[EventDate "2015.02.06"]
[EventType "swiss"]
[EventRounds "8"]
[EventCountry "DOM"]
[SourceTitle "CBM 164 Extra"]
[Source "ChessBase"]
[SourceDate "2015.03.02"]
[SourceVersion "1"]
[SourceVersionDate "2015.03.02"]
[SourceQuality "1"]

1. d4 Nf6 2. Nf3 e6 3. Bg5 d5 4. e3 c5 5. c3 Nc6 6. Nbd2 cxd4 7. exd4 Bd6 8. Bd3 0-0 9. 0-0 h6 10. Bh4 Re8 11. Re1 e5 12. dxe5 Nxe5 13. Nxe5 Rxe5 14. Qf3 g5 15. Rxe5 Bxe5 16. Bg3 Bg4 17. Qe3 Bxg3 18. hxg3 Qd6 19. Nb3 b6 20. Qd2 Re8 21. Re1 Re5 22. Kf1 Kg7 23. Rxe5 Qxe5 24. Nd4 Bd7 25. Nf3 Qe7 26. Bc2 Bb5+ 27. Kg1 Qe2 28. Qxe2 Bxe2 29. Nd4 Bg4 30. f3 Bd7 31. Kf2 g4 32. Ne2 Nh5 33. a4 Kf6 34. Ke3 Ke5 35. b3 Bc8 36. Bd3 Be6 37. b4 Bd7 38. Bc2 Bc8 39. Kf2 Bd7 40. Nd4 Nf6 41. Ke3 Nh5 1/2-1/2